Analýza vývoja zahraničného obchodu SR
Zahraničnoobchodná bilancia SR v rokoch 1999-2001. Zvýšený nárast dovozu a spomalenie rastu vývozu. Vplyv cien na výšku záporného salda deficitu obchodnej bilancie. Spotrebiteľský dopyt. Menové agregáty ako jeden z indikátorov domáceho dopytu. Vývoj štruktúry korunových vkladov.
Uložené v:
| Médium: | Kapitola |
|---|---|
| Jazyk: | Slovak |
| Predmet: | |
| Tagy: |
Žiadne tagy, Buďte prvý, kto otaguje tento záznam!
|
MARC
| LEADER | 00000naa a2200000 4500 | ||
|---|---|---|---|
| 001 | r043161 | ||
| 005 | 20220729110934.5 | ||
| 041 | 0 | |a slo | |
| 044 | |a SK | ||
| 245 | 1 | 0 | |a Analýza vývoja zahraničného obchodu SR |
| 520 | |a Zahraničnoobchodná bilancia SR v rokoch 1999-2001. Zvýšený nárast dovozu a spomalenie rastu vývozu. Vplyv cien na výšku záporného salda deficitu obchodnej bilancie. Spotrebiteľský dopyt. Menové agregáty ako jeden z indikátorov domáceho dopytu. Vývoj štruktúry korunových vkladov. | ||
| 610 | 2 | 0 | |a obchod zahraničný |
| 610 | 2 | 0 | |a Slovensko |
| 610 | 2 | 0 | |a analýzy |
| 610 | 2 | 0 | |a bilancia obchodná |
| 610 | 2 | 0 | |a dovoz |
| 610 | 2 | 0 | |a vývoz |
| 610 | 2 | 0 | |a deficit |
| 610 | 2 | 0 | |a dopyt |
| 610 | 2 | 0 | |a agregáty menové |
| 610 | 2 | 0 | |a vklady |
| 610 | 2 | 0 | |a 1999-2001 |